FAO quarterly bulletin of statistics: 1996; Vol.9(1) Bulletin trimestriel FAO de statistiques
Shranjeno v:
| Glavni avtor: | |
|---|---|
| Format: | Knjiga |
| Jezik: | Undetermined |
| Izdano: |
Rome
FAO
1996
|
| Teme: | |
| Oznake: |
Označite
Brez oznak, prvi označite!
|
| Thư viện lưu trữ: | Trung tâm Học liệu Trường Đại học Cần Thơ |
|---|
| LEADER | 00539nam a2200193Ia 4500 | ||
|---|---|---|---|
| 001 | CTU_16887 | ||
| 008 | 210402s9999 xx 000 0 und d | ||
| 082 | |a 310 | ||
| 082 | |b F218/N96.9.1 | ||
| 100 | |a FAO | ||
| 245 | 0 | |a FAO quarterly bulletin of statistics: 1996; Vol.9(1) | |
| 245 | 0 | |b Bulletin trimestriel FAO de statistiques | |
| 245 | 0 | |c FAO | |
| 260 | |a Rome | ||
| 260 | |b FAO | ||
| 260 | |c 1996 | ||
| 650 | |a statistics | ||
| 904 | |i Nguyễn Quang Điền, 970611 | ||
| 980 | |a Trung tâm Học liệu Trường Đại học Cần Thơ | ||